000 00719nam a2200241 a 4500
001 000024003
003 OSt
005 20240412074251.0
008 110118s2010 dr 000 p spa d
020 _a9789945460957
040 _aDO-SdBNP
_bspa
_cBNPHU
082 4 _aRD861.44
_bM385m
_222
100 1 _aMartínez, Eddy
_925653
245 1 0 _aMañana /
_cEddy Martínez.
260 _aSanto Domingo :
_bSantuario,
_c2010.
300 _a45 p. ;
_c21 cm.
500 _aIncluye datos biográficos del autor en la solapa de la cubierta
590 _aInventariado, 2018/LP
650 0 _aPoesía dominicana
_966
650 0 _aLiteratura dominicana.
_967
910 _aValidado. Control de calidad MFF
942 _2ddc
_cLBS1
999 _c23498
_d23498